Portál na výučbu JavaScriptu

Saved in:
Bibliographic Details
Main Author: Fodrek, Tomáš (Author)
Other Authors: Blaho, Michal, 1982- (Thesis advisor)
Format: Manuscript Book
Language:Slovak
Published: Bratislava : STU v Bratislave FEI, 2009
Subjects:
Tags: Add Tag
No Tags, Be the first to tag this record!

MARC

LEADER 00000ntm a22000003a 4500
001 stu190810
005 20160719165132.3
008 090928s2007------------------------slo-d
040 |a STU  |b slo 
041 0 |a slo 
100 1 |a Fodrek, Tomáš  |4 aut 
245 1 |a Portál na výučbu JavaScriptu 
260 |a Bratislava :  |b STU v Bratislave FEI,  |c 2009 
300 |a 78 s  |c príl. 
650 7 |a kybernetika  |2 stusub 
650 7 |a JavaScript  |2 estusub 
650 7 |a výučba programovania  |2 stusub 
700 1 |a Blaho, Michal,  |d 1982-  |4 ths  |u E011  |U FEI Fakulta elektrotechniky a informatiky  |T FEI Ústav robotiky a kybernetiky  |X 19519  |U E011  |Y 356  |7 A000019519